ბათუმის შოთა რუსთაველის სახელმწიფო უნივერსიტეტის ბიბლიოთეკა

Введение в дифференциальную геометрию (ბიბ.ჩანაწერი № 48081)

000 -LEADER
fixed length control field 00618nam a2200205Ia 4500
001 - CONTROL NUMBER
control field 14961
003 - CONTROL NUMBER IDENTIFIER
control field GE_BSU
008 - FIXED-LENGTH DATA ELEMENTS--GENERAL INFORMATION
fixed length control field 181216s||||||||xx |||||||||||||| ||und||
040 ## - CATALOGING SOURCE
Transcribing agency GE_BSU
080 ## - UNIVERSAL DECIMAL CLASSIFICATION NUMBER
Universal Decimal Classification number 517.77
100 ## - MAIN ENTRY--PERSONAL NAME
Personal name Бляшке, В.
245 ## - TITLE STATEMENT
Title Введение в дифференциальную геометрию
245 ## - TITLE STATEMENT
Statement of responsibility, etc. Под ред. А.П.Нордена. Пер. с нем.А.П.Широкова
260 ## - PUBLICATION, DISTRIBUTION, ETC.
Place of publication, distribution, etc. Москва
260 ## - PUBLICATION, DISTRIBUTION, ETC.
Name of publisher, distributor, etc. Гостехиздат
260 ## - PUBLICATION, DISTRIBUTION, ETC.
Date of publication, distribution, etc. 1957
300 ## - PHYSICAL DESCRIPTION
Extent 223стр.20см.
653 ## - INDEX TERM--UNCONTROLLED
Uncontrolled term Введение в геометрию тканей.
942 ## - ADDED ENTRY ELEMENTS (KOHA)
Koha item type წიგნი
ეგზემპლარები
Withdrawn status Lost status Damaged status Not for loan Date acquired Barcode Date last seen Price effective from Koha item type
        2018-12-17 17713 2018-12-17 2018-12-17 წიგნი
        2018-12-17 15555 2018-12-17 2018-12-17 წიგნი